Obras completas Sigmund Freud, sobre la versión castellana
Uloženo v:
| Hlavní autor: | |
|---|---|
| Médium: | Kniha |
| Jazyk: | španělština |
| Vydáno: |
Buenos Aires
Amorrortu
1978
|
| Vydání: | 1a. ed |
| Témata: | |
| Tagy: |
Přidat tag
Žádné tagy, Buďte první, kdo vytvoří štítek k tomuto záznamu!
|
MARC
| LEADER | 00000nam a2200000 a 4500 | ||
|---|---|---|---|
| 001 | UCL9975 | ||
| 003 | CL-VaPUC | ||
| 005 | 20231219164303.0 | ||
| 008 | 040903e19780000AG |||||||||||||||||spa|d | ||
| 999 | |c 310590 |d 310588 | ||
| 020 | |a 9505185766 | ||
| 040 | |c Pontificia Universidad Católica de Valparaíso | ||
| 082 | 0 | 4 | |a 150.195 |b ETC |2 21 |
| 100 | 0 | |a Etcheverry, José Luis |e author |9 487932 | |
| 245 | 1 | 0 | |a Obras completas Sigmund Freud, sobre la versión castellana |
| 250 | |a 1a. ed | ||
| 260 | |a Buenos Aires |b Amorrortu |c 1978 | ||
| 300 | |a 141 p | ||
| 583 | |a last modification |c 20040903 00:00:00 |k Rodrigo Vera | ||
| 600 | 0 | |a Freud, Sigmund |e author |9 307892 | |
| 650 | 0 | |a Psicoanálisis |9 265702 | |
| 942 | |c BK |2 ddc | ||
| 945 | |d 20040903 00:00:00 |a cmena | ||
| 952 | |0 0 |1 0 |4 0 |6 150_195000000000000_ETC_1978 |7 0 |8 R |9 379274 |a BIBEDU |b BIBEDU |c MCIRC |d 2019-11-21 |i 4059883 |o 150.195 ETC 1978 |p 4059883 |r 2023-01-13 |w 2019-11-21 |y BK_R |k PSI | ||